000
00316nam a2200133Ia 4500
005
20260328104337.0
008
260328s9999||||xx |||||||||||||| ||und||
100
_a
Escala
245
0
_a
Terminales de Transporte /
_c
Escala
260
_b
Escala
300
_a
90 p.
650
_a
TERMINALES DE TRANSPORTE
942
_c
BK
999
_c
11965
_d
11965